000 00765nam a2200289Ia 4500
005 20260324120239.0
008 008 260324s9999 xx 000 0 eng d
020 _a9781351285766
037 _aEBOOK
040 _aCRL
040 _beng
040 _cCRL
041 _2eng
041 _aeng
084 _qCRL
100 _aPatricia M. Flynn; Kathryn Haynes; Maureen A. Kilgour
_91157808
245 0 _aIntegrating Gender Equality into Business and Management Education
245 0 _bLessons Learned and Challenges Remaining
260 _bTaylor and Francis
260 _c2015
365 _a
365 _b230
856 _uhttp://www.taylorfrancis.com/books/9781351285766
942 _cEBOOK
999 _c1749244
_d1749244